000 00442nam a2200181 a 4500
001 5158
003 CO-ViMGA
008 141112s2004 ck r 000 u spa d
040 _aCO-ViMGA
_bspa
_cCO-ViMGA
082 0 4 _a853.1 B622d
100 1 _aBoccaccio, Giovanni
_95116
245 1 0 _aEl Decamerón
260 _aMadrid :
_bEdaf,
_c1996
300 _a790 p
490 _aClío narrativa
650 1 4 _aNOVELA ITALIANA
_92688
942 _2ddc
_cBK
999 _c17159
_d17159